Finančná gramotnosť - tlak na efektívnosť fungovania kapitálového trhu
Nedostatočná úroveň vedomostí obyvateľstva o úrokoch, kreditných kartách, akciových trhoch či hypotékach. Finančná negramotnosť ako celosvetový problém. Projekt zvyšovania finančnej gramotnosti a podpora OECD. Finančná gramotnosť a finančné vzdelávanie v SR.
Na minha lista:
| Autor principal: | |
|---|---|
| Formato: | Capítulo de Livro |
| Idioma: | eslovaco |
| Assuntos: | |
| Tags: |
Sem tags, seja o primeiro a adicionar uma tag!
|
MARC
| LEADER | 00000nla$a2200000$$$4500 | ||
|---|---|---|---|
| 001 | 0141941 | ||
| 005 | 20240502072538.6 | ||
| 041 | 0 | |a slo | |
| 044 | |a SK | ||
| 245 | 1 | 0 | |a Finančná gramotnosť - tlak na efektívnosť fungovania kapitálového trhu |c Veronika Piovarčiová |
| 520 | |a Nedostatočná úroveň vedomostí obyvateľstva o úrokoch, kreditných kartách, akciových trhoch či hypotékach. Finančná negramotnosť ako celosvetový problém. Projekt zvyšovania finančnej gramotnosti a podpora OECD. Finančná gramotnosť a finančné vzdelávanie v SR. | ||
| 610 | 2 | 0 | |a vzdelávanie |
| 610 | 2 | 0 | |a gramotnosť finančná |
| 610 | 2 | 0 | |a trh kapitálový |
| 610 | 2 | 0 | |a výchova odborná |
| 610 | 2 | 0 | |a informácie ekonomické |
| 610 | 2 | 0 | |a OECD |
| 610 | 2 | 0 | |a Slovensko |
| 610 | 2 | 0 | |a občania |
| 610 | 2 | 0 | |a skupiny vekové |
| 610 | 2 | 0 | |a efektívnosť vzdelávania |
| 100 | 1 | |a Piovarčiová, Veronika, 1951- | |